1041 1592 1824 1077 1613 1424 1912 1514 1734 1523 1038 1506 1050 1825 1320 1619 1746 1654 1624 1160 1989 1901 1995 1398 1732 1013 1750 1354 1413 1369 1021 1095 1199 1337 1480 1059 1081 1368 1373 1805 1687 1876 1338 1238 1409 1484 1596 1197 1329 1619 1031 1277 1637 1189 1410 1116 1812 1535 1221 1901 1380 1060 1965 1772 1792 1102 1068 1936 1024 1716 1119 1533 1824 1080 1841 1676 1366 1197 1995 1625 1360 1610 1107 1133 1671 1567 1682 1720 1167 1552 1782 1229 1965 1478 1396 1746 1831 1184 1902 BCNSPRNW ULIB Ver.6.0+V

เปลี่ยนเป็นภาษาไทย

Change to English
 แสดงรายละเอียดบรรณานุกรม
  กลับหน้าหลัก

Brief Record : Get Marc (ISO 2709) : E-mail record : QR code < ปิดหน้าต่าง
LEADER : 00000nam 2200000uu 4500
001    13399111581
003     ULIB
008    110701s||||||||th 000 0 tha d
020    9786117061073
050 04 BQ7210^bพ358ห 2552
100 0  พระมหาสมปอง ตาลปุตฺโต
245 10 หลงทางเสียเวลา เดินตามอาตมามีอนาคต(นะโยม) /^cพระมหาสมปอง ตาลปุตฺโต
260    กรุงเทพ ฯ :^bโพสต์บึ๊คส์,^c2552
300    208 หน้า
650  7 ธรรมะ^xรวมเรื่อง
945    ^p175^l0^i026492
995    ทศพร
999 ^a ใช้งานได้ทุกระบบ
รายการนี้ยังไม่มีแท็ก
คุณยังไม่ได้ล็อกอิน คุณสามารถมีกิจกรรมร่วมกับเว็บไซต์ได้ แต่ต้องล็อกอินก่อน ::
  ล็อกอิน

รายการสื่อสารสนเทศ

ลำดับที่ ประเภท เลขเรียก/บาร์โค้ด สถานที่ สถานะ
- ไม่พบข้อมูล -

รายการใกล้เคียง
    ผู้แต่ง [พระมหาสมปอง ตาลปุตฺโต]

BibComment


ยังไม่เคยถูกคอมเมนท์

คอมเมนท์ทรัพยากรรายการนี้
  คอมเมนท์: หลงทางเสียเวลา เด..


 Copyright 2026. Bcnsprnw @Library